[Event "DEM U10w 2024"]
[Site "Willingen GER"]
[Date "2024.05.22"]
[Round "7"]
[White "Fahim, Lina"]
[Black "Pygoch, Lene"]
[Result "0-1"]
[Termination "normal"]
[Board "21"]
[WhiteElo "744"]
[BlackElo "917"]
[WhiteClock "00:56:09"]
[BlackClock "01:10:03"]
[PlyCount "68"]
[WhiteFideId "533004820"]
[BlackFideId "533016496"]
[EventCountry "GER"]
[EventRounds "11"]
[EventType "swiss"]
[EventDate "2024.05.18"]

1. e4 {[%clk 01:15:58]} {[%emt 00:00:01]} e5 {[%clk 01:15:49]} {[%emt
00:00:11]} 2. Nf3 {[%clk 01:16:17]} {[%emt 00:00:11]} Nc6 {[%clk 01:16:11]}
{[%emt 00:00:09]} 3. Bc4 {[%clk 01:16:37]} {[%emt 00:00:09]} Bc5 {[%clk
01:16:32]} {[%emt 00:00:09]} 4. Nc3 {[%clk 01:16:53]} {[%emt 00:00:14]} Nf6
{[%clk 01:16:52]} {[%emt 00:00:09]} 5. O-O {[%clk 01:17:14]} {[%emt 00:00:10]}
O-O {[%clk 01:17:12]} {[%emt 00:00:10]} 6. d3 {[%clk 01:17:37]} {[%emt
00:00:07]} d6 {[%clk 01:17:34]} {[%emt 00:00:07]} 7. Bg5 {[%clk 01:18:00]}
{[%emt 00:00:08]} Bg4 {[%clk 01:17:49]} {[%emt 00:00:15]} 8. Na4 {[%clk
01:17:49]} {[%emt 00:00:42]} a6 {[%clk 01:17:34]} {[%emt 00:00:45]} 9. a3
{[%clk 01:17:10]} {[%emt 00:01:09]} b5 {[%clk 01:17:31]} {[%emt 00:00:33]} 10.
Bb3 {[%clk 01:17:10]} {[%emt 00:00:29]} bxa4 {[%clk 01:17:48]} {[%emt
00:00:13]} 11. Bxa4 {[%clk 01:17:04]} {[%emt 00:00:36]} Nd4 {[%clk 01:17:55]}
{[%emt 00:00:23]} 12. Qd2 {[%clk 01:14:53]} {[%emt 00:02:38]} Nxf3+ {[%clk
01:18:12]} {[%emt 00:00:15]} 13. gxf3 {[%clk 01:14:14]} {[%emt 00:01:10]} Bxf3
{[%clk 01:18:32]} {[%emt 00:00:10]} 14. Bb3 {[%clk 01:12:54]} {[%emt 00:01:50]}
Bd4 {[%clk 01:18:16]} {[%emt 00:00:47]} 15. c3 {[%clk 01:11:56]} {[%emt
00:01:28]} Bb6 {[%clk 01:18:23]} {[%emt 00:00:22]} 16. Ba4 {[%clk 01:11:52]}
{[%emt 00:00:35]} Bg4 {[%clk 01:17:56]} {[%emt 00:00:56]} 17. d4 {[%clk
01:11:57]} {[%emt 00:00:26]} Bh3 {[%clk 01:18:04]} {[%emt 00:00:21]} 18. Rfe1
{[%clk 01:11:36]} {[%emt 00:00:50]} Qc8 {[%clk 01:17:49]} {[%emt 00:00:46]} 19.
Re3 {[%clk 01:11:23]} {[%emt 00:00:43]} h6 {[%clk 01:17:12]} {[%emt 00:01:08]}
20. Bh4 {[%clk 01:11:30]} {[%emt 00:00:22]} Qg4+ {[%clk 01:17:16]} {[%emt
00:00:26]} 21. Bg3 {[%clk 01:11:30]} {[%emt 00:00:30]} exd4 {[%clk 01:15:57]}
{[%emt 00:01:48]} 22. cxd4 {[%emt 00:01:08]} Nh5 {[%emt 00:01:21]} 23. Qd3
{[%clk 01:07:54]} {[%emt 00:01:37]} Nf4 {[%clk 01:10:12]} {[%emt 00:06:16]} 24.
Qc3 {[%clk 01:06:32]} {[%emt 00:01:47]} Ne2+ {[%clk 01:09:29]} {[%emt
00:01:19]} 25. Kh1 {[%clk 01:05:20]} {[%emt 00:01:41]} Nxc3 {[%clk 01:09:41]}
{[%emt 00:00:19]} 26. Rxc3 {[%clk 01:05:15]} {[%emt 00:00:34]} Bxd4 {[%clk
01:09:48]} {[%emt 00:00:23]} 27. Bd1 {[%clk 01:05:08]} {[%emt 00:00:37]} Qg5
{[%clk 01:09:51]} {[%emt 00:00:26]} 28. Rf3 {[%clk 01:04:32]} {[%emt 00:01:06]}
Bxb2 {[%clk 01:09:57]} {[%emt 00:00:25]} 29. Rb1 {[%clk 01:04:04]} {[%emt
00:00:57]} Be5 {[%clk 01:10:09]} {[%emt 00:00:17]} 30. Rc1 {[%clk 01:00:58]}
{[%emt 00:03:37]} Rab8 {[%clk 01:09:38]} {[%emt 00:01:03]} 31. Rc2 {[%clk
00:59:51]} {[%emt 00:01:35]} Rb7 {[%clk 01:09:29]} {[%emt 00:00:41]} 32. Be2
{[%clk 00:58:13]} {[%emt 00:02:07]} Rb1+ {[%clk 01:09:43]} {[%emt 00:00:16]}
33. Rc1 {[%clk 00:56:16]} {[%emt 00:02:26]} Rxc1+ {[%clk 01:10:03]} {[%emt
00:00:11]} 34. Bf1 {[%clk 00:56:09]} {[%emt 00:00:36]} Rxf1# {[%emt 00:00:53]}
0-1

[Event "DEM U10w 2024"]
[Site "Willingen GER"]
[Date "2024.05.23"]
[Round "8"]
[White "Shynkar, Daria"]
[Black "Lukas, Olivia"]
[Result "1-0"]
[Termination "normal"]
[Board "1"]
[WhiteElo "1661"]
[BlackElo "1569"]
[WhiteClock "00:10:19"]
[BlackClock "00:14:05"]
[PlyCount "81"]
[WhiteFideId "34163212"]
[BlackFideId "34632239"]
[EventCountry "GER"]
[EventRounds "11"]
[EventType "swiss"]
[EventDate "2024.05.18"]

1. d4 {[%clk 01:15:59]} Nf6 {[%clk 01:15:55]} {[%emt 00:00:05]} 2. c4 {[%clk
01:16:24]} {[%emt 00:00:04]} e5 {[%clk 01:16:22]} {[%emt 00:00:04]} 3. dxe5
{[%clk 01:16:47]} {[%emt 00:00:07]} Ng4 {[%clk 01:16:46]} {[%emt 00:00:05]} 4.
Nf3 {[%clk 01:16:51]} {[%emt 00:00:26]} Bc5 {[%clk 01:17:09]} {[%emt 00:00:08]}
5. e3 {[%clk 01:17:08]} {[%emt 00:00:12]} Nc6 {[%clk 01:17:32]} {[%emt
00:00:08]} 6. a3 {[%clk 01:11:07]} {[%emt 00:06:31]} a5 {[%clk 01:17:47]}
{[%emt 00:00:14]} 7. Be2 {[%clk 01:06:47]} {[%emt 00:04:50]} O-O {[%clk
01:16:00]} {[%emt 00:02:17]} 8. Nc3 {[%clk 01:03:17]} {[%emt 00:04:00]} Ncxe5
{[%clk 01:15:08]} {[%emt 00:01:22]} 9. Ne4 {[%clk 01:01:28]} {[%emt 00:02:18]}
Ba7 {[%clk 01:12:05]} {[%emt 00:03:34]} 10. O-O {[%clk 00:58:01]} {[%emt
00:03:55]} Nxf3+ {[%clk 01:10:58]} {[%emt 00:01:37]} 11. Bxf3 {[%clk 00:57:42]}
{[%emt 00:00:50]} Ne5 {[%clk 01:11:12]} {[%emt 00:00:15]} 12. Be2 {[%clk
00:56:13]} {[%emt 00:01:58]} Bb8 {[%clk 01:09:37]} {[%emt 00:02:06]} 13. f4
{[%clk 00:55:27]} {[%emt 00:01:16]} Nc6 {[%clk 01:09:26]} {[%emt 00:00:41]} 14.
Rf3 {[%clk 00:54:23]} {[%emt 00:01:32]} Re8 {[%clk 01:08:51]} {[%emt 00:01:07]}
15. Bd3 {[%clk 00:53:14]} {[%emt 00:01:38]} d6 {[%clk 01:06:44]} {[%emt
00:02:37]} 16. Qc2 {[%clk 00:46:57]} {[%emt 00:06:46]} Ba7 {[%clk 01:03:40]}
{[%emt 00:03:37]} 17. Rg3 {[%clk 00:45:39]} {[%emt 00:01:42]} Kh8 {[%clk
01:02:52]} {[%emt 00:01:22]} 18. Ng5 {[%clk 00:45:16]} {[%emt 00:00:52]} Qe7
{[%clk 00:58:56]} {[%emt 00:04:28]} 19. Nxh7 {[%clk 00:43:33]} {[%emt
00:02:13]} Nd4 {[%clk 00:56:11]} {[%emt 00:03:14]} 20. Qd1 {[%clk 00:41:00]}
{[%emt 00:02:58]} Nf5 {[%clk 00:52:21]} {[%emt 00:04:26]} 21. Bxf5 {[%clk
00:39:28]} {[%emt 00:02:03]} Bxf5 {[%clk 00:48:49]} {[%emt 00:04:02]} 22. Ng5
{[%clk 00:33:57]} {[%emt 00:06:00]} Bg6 {[%clk 00:48:09]} {[%emt 00:01:10]} 23.
Qg4 {[%clk 00:31:41]} {[%emt 00:02:44]} Qf6 {[%clk 00:38:00]} {[%emt 00:10:41]}
24. Rf3 {[%clk 00:23:41]} {[%emt 00:08:24]} Bf5 {[%clk 00:32:15]} {[%emt
00:06:22]} 25. Qh5+ {[%clk 00:22:14]} {[%emt 00:01:51]} Kg8 {[%clk 00:31:48]}
{[%emt 00:01:02]} 26. g4 {[%clk 00:21:12]} {[%emt 00:01:28]} Bg6 {[%clk
00:29:45]} {[%emt 00:02:38]} 27. Qh4 {[%clk 00:21:15]} {[%emt 00:00:20]} Be4
{[%clk 00:26:32]} {[%emt 00:03:49]} 28. Rh3 {[%clk 00:19:53]} {[%emt 00:01:45]}
Qh6 {[%clk 00:25:14]} {[%emt 00:01:55]} 29. Qxh6 {[%clk 00:19:45]} {[%emt
00:00:39]} gxh6 {[%clk 00:25:33]} {[%emt 00:00:10]} 30. Rxh6 {[%clk 00:19:48]}
{[%emt 00:00:27]} Bd3 {[%clk 00:24:43]} {[%emt 00:01:20]} 31. Kf2 {[%clk
00:19:11]} {[%emt 00:00:50]} Kg7 {[%clk 00:24:52]} {[%emt 00:00:37]} 32. Rh3
{[%clk 00:18:59]} {[%emt 00:00:34]} f6 {[%clk 00:25:00]} {[%emt 00:00:30]} 33.
Nf3 {[%clk 00:18:32]} {[%emt 00:00:55]} Re4 {[%clk 00:22:27]} {[%emt 00:03:05]}
34. Nd4 {[%clk 00:15:38]} {[%emt 00:03:23]} Bxc4 {[%clk 00:20:28]} {[%emt
00:02:31]} 35. Nf5+ {[%clk 00:15:20]} {[%emt 00:00:48]} Kg8 {[%clk 00:19:17]}
{[%emt 00:01:41]} 36. Rf3 {[%clk 00:12:33]} {[%emt 00:03:11]} Rae8 {[%clk
00:17:52]} {[%emt 00:02:00]} 37. Bd2 {[%clk 00:12:11]} {[%emt 00:00:49]} Bb6
{[%clk 00:17:27]} {[%emt 00:00:57]} 38. Bc3 {[%clk 00:12:02]} {[%emt 00:00:40]}
Kf7 {[%clk 00:15:43]} {[%emt 00:02:15]} 39. Re1 {[%clk 00:11:00]} {[%emt
00:01:22]} d5 {[%clk 00:14:45]} {[%emt 00:01:38]} 40. Rd1 {[%clk 00:09:55]}
{[%emt 00:01:28]} c6 {[%clk 00:14:05]} {[%emt 00:01:18]} 41. Nd6+ {[%clk
00:10:19]} {[%emt 00:00:06]} 1-0

[Event "DEM U10w 2024"]
[Site "Willingen GER"]
[Date "2024.05.23"]
[Round "8"]
[White "Tu, Tiffany"]
[Black "Xu, Dorothea Sicheng"]
[Result "1-0"]
[Termination "normal"]
[Board "2"]
[WhiteElo "1618"]
[BlackElo "1255"]
[WhiteClock "00:24:23"]
[BlackClock "00:15:52"]
[PlyCount "131"]
[WhiteFideId "34628576"]
[BlackFideId "34667539"]
[EventCountry "GER"]
[EventRounds "11"]
[EventType "swiss"]
[EventDate "2024.05.18"]

1. e4 {[%clk 01:15:59]} e5 {[%clk 01:15:56]} {[%emt 00:00:05]} 2. Nf3 {[%clk
01:16:25]} {[%emt 00:00:04]} Nc6 {[%clk 01:16:20]} {[%emt 00:00:05]} 3. Bb5
{[%clk 01:16:52]} {[%emt 00:00:03]} a6 {[%clk 01:16:44]} {[%emt 00:00:06]} 4.
Ba4 {[%clk 01:17:19]} {[%emt 00:00:03]} Nf6 {[%clk 01:16:53]} {[%emt 00:00:21]}
5. d3 {[%clk 01:17:44]} {[%emt 00:00:04]} Bc5 {[%clk 01:17:07]} {[%emt
00:00:16]} 6. c3 {[%clk 01:18:07]} {[%emt 00:00:08]} b5 {[%clk 01:15:49]}
{[%emt 00:01:49]} 7. Bb3 {[%clk 01:18:30]} {[%emt 00:00:06]} h6 {[%clk
01:15:23]} {[%emt 00:00:56]} 8. O-O {[%clk 01:18:21]} {[%emt 00:00:38]} O-O
{[%clk 01:14:32]} {[%emt 00:01:20]} 9. Re1 {[%clk 01:18:32]} {[%emt 00:00:19]}
d6 {[%clk 01:14:31]} {[%emt 00:00:32]} 10. Nbd2 {[%clk 01:18:42]} {[%emt
00:00:18]} Bb6 {[%clk 01:14:03]} {[%emt 00:01:00]} 11. Nf1 {[%clk 01:18:56]}
{[%emt 00:00:16]} Ne7 {[%clk 01:13:54]} {[%emt 00:00:39]} 12. Ng3 {[%clk
01:19:13]} {[%emt 00:00:13]} Ng6 {[%clk 01:14:14]} {[%emt 00:00:10]} 13. Be3
{[%clk 01:16:58]} {[%emt 00:02:46]} c5 {[%clk 01:13:22]} {[%emt 00:01:22]} 14.
h3 {[%clk 01:16:15]} {[%emt 00:01:11]} Bb7 {[%clk 01:12:18]} {[%emt 00:01:35]}
15. Nf5 {[%clk 01:15:51]} {[%emt 00:00:54]} Re8 {[%clk 01:05:10]} {[%emt
00:07:38]} 16. Qd2 {[%clk 01:14:59]} {[%emt 00:01:23]} d5 {[%clk 01:01:16]}
{[%emt 00:04:24]} 17. Bxh6 {[%clk 00:50:15]} {[%emt 00:25:12]} dxe4 {[%clk
00:50:56]} {[%emt 00:10:52]} 18. dxe4 {[%clk 00:47:22]} {[%emt 00:03:24]} Qxd2
{[%clk 00:50:20]} {[%emt 00:01:06]} 19. Bxd2 {[%clk 00:47:37]} {[%emt
00:00:14]} Nxe4 {[%clk 00:49:02]} {[%emt 00:01:48]} 20. Bc2 {[%clk 00:38:49]}
{[%emt 00:09:14]} Nxd2 {[%clk 00:47:26]} {[%emt 00:02:11]} 21. Nxd2 {[%clk
00:38:43]} {[%emt 00:00:34]} Nf4 {[%clk 00:44:22]} {[%emt 00:03:35]} 22. Ne4
{[%clk 00:37:37]} {[%emt 00:01:36]} Bd5 {[%clk 00:35:28]} {[%emt 00:09:23]} 23.
b3 {[%clk 00:31:16]} {[%emt 00:06:50]} g6 {[%clk 00:32:26]} {[%emt 00:03:34]}
24. Nf6+ {[%clk 00:29:26]} {[%emt 00:02:20]} Kf8 {[%clk 00:32:18]} {[%emt
00:00:36]} 25. Nd7+ {[%clk 00:26:07]} {[%emt 00:03:52]} Kg8 {[%clk 00:32:03]}
{[%emt 00:00:44]} 26. Nxb6 {[%clk 00:25:50]} {[%emt 00:00:48]} Rad8 {[%clk
00:29:03]} {[%emt 00:03:30]} 27. Nxd5 {[%clk 00:25:36]} {[%emt 00:00:43]} Rxd5
{[%clk 00:28:51]} {[%emt 00:00:41]} 28. Nh6+ {[%clk 00:25:25]} {[%emt
00:00:41]} Kg7 {[%clk 00:28:26]} {[%emt 00:00:55]} 29. Ng4 {[%clk 00:25:26]}
{[%emt 00:00:28]} Rd2 {[%clk 00:25:10]} {[%emt 00:03:46]} 30. Ne3 {[%clk
00:23:34]} {[%emt 00:02:23]} Red8 {[%clk 00:20:40]} {[%emt 00:04:59]} 31. Rad1
{[%clk 00:22:18]} {[%emt 00:01:42]} Rxd1 {[%clk 00:18:52]} {[%emt 00:02:22]}
32. Rxd1 {[%clk 00:21:29]} {[%emt 00:01:19]} Ne2+ {[%clk 00:18:31]} {[%emt
00:00:50]} 33. Kf1 {[%clk 00:21:46]} {[%emt 00:00:13]} Rxd1+ {[%clk 00:18:37]}
{[%emt 00:00:26]} 34. Nxd1 {[%clk 00:22:06]} {[%emt 00:00:09]} Nf4 {[%clk
00:18:51]} {[%emt 00:00:16]} 35. Ne3 {[%clk 00:21:31]} {[%emt 00:01:05]} f5
{[%clk 00:18:07]} {[%emt 00:01:14]} 36. h4 {[%clk 00:21:06]} {[%emt 00:00:54]}
Kh6 {[%clk 00:16:42]} {[%emt 00:01:56]} 37. g3 {[%clk 00:21:16]} {[%emt
00:00:20]} Ne6 {[%clk 00:16:05]} {[%emt 00:01:07]} 38. Ke2 {[%clk 00:20:35]}
{[%emt 00:01:10]} f4 {[%clk 00:14:18]} {[%emt 00:02:16]} 39. Ng4+ {[%clk
00:20:39]} {[%emt 00:00:25]} Kh5 {[%clk 00:13:46]} {[%emt 00:01:04]} 40. Nxe5
{[%clk 00:20:52]} {[%emt 00:00:15]} g5 {[%clk 00:12:03]} {[%emt 00:02:15]} 41.
Bg6+ {[%clk 00:20:26]} {[%emt 00:00:55]} Kh6 {[%clk 00:12:07]} {[%emt
00:00:24]} 42. hxg5+ {[%clk 00:20:27]} {[%emt 00:00:32]} Kxg5 {[%clk 00:12:23]}
{[%emt 00:00:14]} 43. gxf4+ {[%clk 00:20:23]} {[%emt 00:00:32]} Nxf4+ {[%clk
00:12:14]} {[%emt 00:00:42]} 44. Kf3 {[%clk 00:19:59]} {[%emt 00:00:49]} Nxg6
{[%clk 00:12:17]} {[%emt 00:00:31]} 45. Nxg6 {[%clk 00:20:24]} {[%emt
00:00:04]} Kxg6 {[%clk 00:12:32]} {[%emt 00:00:16]} 46. Ke4 {[%clk 00:20:49]}
{[%emt 00:00:04]} Kf6 {[%clk 00:12:26]} {[%emt 00:00:36]} 47. Kd5 {[%clk
00:20:36]} {[%emt 00:00:44]} b4 {[%clk 00:11:57]} {[%emt 00:00:58]} 48. c4
{[%clk 00:20:42]} {[%emt 00:00:24]} Kf5 {[%clk 00:12:06]} {[%emt 00:00:22]} 49.
Kxc5 {[%clk 00:21:02]} {[%emt 00:00:09]} Ke5 {[%clk 00:12:29]} {[%emt
00:00:07]} 50. Kxb4 {[%clk 00:21:08]} {[%emt 00:00:25]} Kd6 {[%clk 00:12:32]}
{[%emt 00:00:26]} 51. Ka5 {[%clk 00:21:18]} {[%emt 00:00:21]} Kc5 {[%clk
00:12:41]} {[%emt 00:00:20]} 52. Kxa6 {[%clk 00:21:33]} {[%emt 00:00:16]} Kb4
{[%clk 00:12:58]} {[%emt 00:00:13]} 53. f4 {[%clk 00:21:29]} {[%emt 00:00:33]}
Ka3 {[%clk 00:13:12]} {[%emt 00:00:17]} 54. c5 {[%clk 00:21:52]} {[%emt
00:00:08]} Kxa2 {[%clk 00:13:32]} {[%emt 00:00:09]} 55. c6 {[%clk 00:22:18]}
{[%emt 00:00:04]} Kxb3 {[%clk 00:13:50]} {[%emt 00:00:12]} 56. c7 {[%clk
00:22:44]} {[%emt 00:00:04]} Kc4 {[%clk 00:14:16]} {[%emt 00:00:04]} 57. c8=Q+
{[%emt 00:00:07]} Kd4 {[%emt 00:00:11]} 58. Qe6 {[%emt 00:00:10]} Kc5 {[%emt
00:00:14]} 59. Ka5 {[%emt 00:00:17]} Kd4 {[%emt 00:00:17]} 60. Qe5+ {[%emt
00:00:07]} Kd3 {[%emt 00:00:09]} 61. Kb4 {[%clk 00:22:52]} {[%emt 00:01:11]}
Kd2 {[%clk 00:14:29]} {[%emt 00:00:15]} 62. Kb3 {[%clk 00:22:58]} {[%emt
00:00:25]} Kd3 {[%clk 00:14:48]} {[%emt 00:00:12]} 63. f5 {[%clk 00:23:19]}
{[%emt 00:00:08]} Kd2 {[%clk 00:15:12]} {[%emt 00:00:06]} 64. Qe4 {[%clk
00:23:38]} {[%emt 00:00:10]} Kd1 {[%clk 00:15:27]} {[%emt 00:00:15]} 65. Kc3
{[%clk 00:23:58]} {[%emt 00:00:11]} Kc1 {[%clk 00:15:52]} {[%emt 00:00:06]} 66.
Qe1# {[%clk 00:24:23]} {[%emt 00:00:05]} 1-0

[Event "DEM U10w 2024"]
[Site "Willingen GER"]
[Date "2024.05.23"]
[Round "8"]
[White "Elsayed Esam, Sally"]
[Black "Artemenko, Isabella"]
[Result "0-1"]
[Termination "normal"]
[Board "3"]
[WhiteElo "1584"]
[BlackElo "1237"]
[WhiteClock "00:01:19"]
[BlackClock "01:04:52"]
[PlyCount "122"]
[WhiteFideId "34662170"]
[BlackFideId "34639616"]
[EventCountry "GER"]
[EventRounds "11"]
[EventType "swiss"]
[EventDate "2024.05.18"]

1. e4 {[%clk 01:15:54]} {[%emt 00:00:06]} d5 {[%clk 01:15:52]} {[%emt
00:00:09]} 2. exd5 {[%clk 01:16:16]} {[%emt 00:00:08]} Qxd5 {[%clk 01:16:17]}
{[%emt 00:00:05]} 3. Nc3 {[%clk 01:16:31]} {[%emt 00:00:14]} Qa5 {[%clk
01:16:40]} {[%emt 00:00:06]} 4. d4 {[%clk 01:16:45]} {[%emt 00:00:17]} Nf6
{[%clk 01:17:03]} {[%emt 00:00:07]} 5. Bd2 {[%clk 01:16:55]} {[%emt 00:00:20]}
Bg4 {[%clk 01:17:26]} {[%emt 00:00:07]} 6. Nf3 {[%clk 01:16:01]} {[%emt
00:01:25]} Nc6 {[%clk 01:17:42]} {[%emt 00:00:14]} 7. h3 {[%clk 01:15:22]}
{[%emt 00:01:07]} Bh5 {[%clk 01:18:04]} {[%emt 00:00:09]} 8. g4 {[%clk
01:14:24]} {[%emt 00:01:28]} Bg6 {[%clk 01:18:28]} {[%emt 00:00:06]} 9. Bc4
{[%clk 01:13:02]} {[%emt 00:01:52]} O-O-O {[%clk 01:13:22]} {[%emt 00:05:36]}
10. Be3 {[%clk 01:04:25]} {[%emt 00:09:07]} e5 {[%clk 01:11:04]} {[%emt
00:02:49]} 11. Qd2 {[%clk 00:47:59]} {[%emt 00:21:49]} exd4 {[%clk 01:11:14]}
{[%emt 00:00:20]} 12. Bxd4 {[%clk 00:46:57]} {[%emt 00:01:33]} Nxd4 {[%clk
01:11:36]} {[%emt 00:00:08]} 13. Nxd4 {[%clk 00:46:44]} {[%emt 00:00:42]} Bc5
{[%clk 01:11:43]} {[%emt 00:00:21]} 14. Nb3 {[%clk 00:45:51]} {[%emt 00:01:26]}
Rxd2 {[%clk 01:11:28]} {[%emt 00:00:45]} 15. Nxa5 {[%clk 00:46:10]} {[%emt
00:00:11]} Rxc2 {[%clk 01:11:19]} {[%emt 00:00:39]} 16. O-O {[%clk 00:43:04]}
{[%emt 00:03:36]} Bb4 {[%clk 01:10:45]} {[%emt 00:01:04]} 17. Bb3 {[%clk
00:40:00]} {[%emt 00:03:34]} Rxb2 {[%clk 01:08:43]} {[%emt 00:02:32]} 18. Nc4
{[%clk 00:40:11]} {[%emt 00:00:19]} Bxc3 {[%clk 01:09:07]} {[%emt 00:00:06]}
19. Nxb2 {[%clk 00:40:34]} {[%emt 00:00:07]} Bxb2 {[%clk 01:09:34]} {[%emt
00:00:04]} 20. Rad1 {[%clk 00:40:09]} {[%emt 00:00:54]} Ne4 {[%clk 00:58:14]}
{[%emt 00:11:47]} 21. h4 {[%clk 00:37:08]} {[%emt 00:03:33]} h5 {[%clk
00:58:23]} {[%emt 00:00:22]} 22. g5 {[%clk 00:36:32]} {[%emt 00:01:05]} Nc5
{[%clk 00:58:08]} {[%emt 00:00:43]} 23. Rd2 {[%clk 00:33:06]} {[%emt 00:03:57]}
Nxb3 {[%clk 00:57:48]} {[%emt 00:00:52]} 24. axb3 {[%clk 00:33:20]} {[%emt
00:00:16]} Be5 {[%clk 00:57:59]} {[%emt 00:00:18]} 25. Rd5 {[%clk 00:32:17]}
{[%emt 00:01:33]} Bd6 {[%clk 00:58:08]} {[%emt 00:00:21]} 26. Rc1 {[%clk
00:31:59]} {[%emt 00:00:48]} Kd7 {[%clk 00:58:14]} {[%emt 00:00:25]} 27. Ra5
{[%clk 00:29:06]} {[%emt 00:03:22]} a6 {[%clk 00:58:13]} {[%emt 00:00:33]} 28.
Ra4 {[%clk 00:27:37]} {[%emt 00:01:58]} Re8 {[%clk 00:58:14]} {[%emt 00:00:28]}
29. Ra2 {[%clk 00:26:38]} {[%emt 00:01:30]} Re4 {[%clk 00:58:33]} {[%emt
00:00:11]} 30. Ra4 {[%clk 00:25:34]} {[%emt 00:01:34]} Rxa4 {[%clk 00:58:52]}
{[%emt 00:00:11]} 31. bxa4 {[%clk 00:25:50]} {[%emt 00:00:14]} a5 {[%clk
00:59:14]} {[%emt 00:00:08]} 32. Rf1 {[%clk 00:22:10]} {[%emt 00:04:10]} Bc2
{[%clk 00:59:33]} {[%emt 00:00:10]} 33. f4 {[%clk 00:21:23]} {[%emt 00:01:17]}
Bxa4 {[%clk 00:59:34]} {[%emt 00:00:29]} 34. f5 {[%clk 00:21:46]} {[%emt
00:00:07]} Bc2 {[%clk 00:59:30]} {[%emt 00:00:35]} 35. f6 {[%clk 00:22:02]}
{[%emt 00:00:13]} g6 {[%clk 00:59:55]} {[%emt 00:00:05]} 36. Ra1 {[%clk
00:20:53]} {[%emt 00:01:39]} b6 {[%clk 01:00:08]} {[%emt 00:00:18]} 37. Ra2
{[%clk 00:20:32]} {[%emt 00:00:49]} Bb3 {[%clk 01:00:29]} {[%emt 00:00:11]} 38.
Ra1 {[%clk 00:19:48]} {[%emt 00:01:15]} Be6 {[%clk 01:00:51]} {[%emt 00:00:07]}
39. Kf1 {[%clk 00:20:03]} {[%emt 00:00:13]} Bg3 {[%clk 01:01:07]} {[%emt
00:00:15]} 40. Ke2 {[%clk 00:19:48]} {[%emt 00:00:46]} Bxh4 {[%clk 01:01:31]}
{[%emt 00:00:06]} 41. Rg1 {[%clk 00:20:04]} {[%emt 00:00:13]} Bg4+ {[%clk
01:01:52]} {[%emt 00:00:10]} 42. Kd3 {[%clk 00:18:03]} {[%emt 00:02:28]} Bxg5
{[%clk 01:02:14]} {[%emt 00:00:10]} 43. Rf1 {[%emt 00:04:22]} Bf5+ {[%clk
01:02:39]} {[%emt 00:00:03]} 44. Kc4 {[%clk 00:14:16]} {[%emt 00:00:27]} Bxf6
{[%clk 01:02:35]} {[%emt 00:00:35]} 45. Rd1+ {[%clk 00:13:51]} {[%emt
00:00:54]} Kc8 {[%clk 01:02:17]} {[%emt 00:00:49]} 46. Re1 {[%clk 00:12:28]}
{[%emt 00:01:51]} Be6+ {[%clk 01:02:35]} {[%emt 00:00:13]} 47. Kb5 {[%clk
00:12:45]} {[%emt 00:00:13]} h4 {[%clk 01:02:52]} {[%emt 00:00:14]} 48. Rh1
{[%clk 00:11:48]} {[%emt 00:01:26]} h3 {[%clk 01:03:14]} {[%emt 00:00:08]} 49.
Rg1 {[%clk 00:09:20]} {[%emt 00:02:58]} h2 {[%clk 01:03:17]} {[%emt 00:00:27]}
50. Rf1 {[%clk 00:07:57]} {[%emt 00:01:48]} Be5 {[%clk 01:03:07]} {[%emt
00:00:46]} 51. Re1 {[%clk 00:07:27]} {[%emt 00:00:59]} Bd6 {[%clk 01:03:29]}
{[%emt 00:00:09]} 52. Kc6 {[%clk 00:07:03]} {[%emt 00:00:52]} g5 {[%clk
01:03:42]} {[%emt 00:00:18]} 53. Rc1 {[%clk 00:05:48]} {[%emt 00:01:44]} g4
{[%clk 01:03:59]} {[%emt 00:00:15]} 54. Re1 {[%clk 00:02:39]} {[%emt 00:03:38]}
g3 {[%clk 01:04:23]} {[%emt 00:00:07]} 55. Rc1 {[%clk 00:01:00]} {[%emt
00:02:09]} g2 {[%clk 01:04:46]} {[%emt 00:00:07]} 56. Rf1 {[%clk 00:01:11]}
{[%emt 00:00:17]} h1=Q {[%clk 01:04:40]} {[%emt 00:00:37]} 57. Rxh1 {[%clk
00:01:22]} {[%emt 00:00:20]} gxh1=Q+ {[%clk 01:05:01]} {[%emt 00:00:07]} 58.
Kb5 {[%clk 00:01:23]} {[%emt 00:00:40]} Bh3 {[%clk 01:04:37]} {[%emt 00:00:53]}
59. Ka4 {[%clk 00:01:00]} {[%emt 00:00:54]} Qc1 {[%clk 01:04:40]} {[%emt
00:00:27]} 60. Kb5 {[%clk 00:01:15]} {[%emt 00:00:13]} Bf1+ {[%clk 01:04:52]}
{[%emt 00:00:20]} 61. Ka4 {[%clk 00:01:19]} {[%emt 00:00:26]} Qc4# {[%emt
00:00:06]} 0-1